00341nam a2200121 a 4500008004100000050001500041100002200056245001300078246005900091260003900150300002100189350000900210120416s1976 ||||||||||||||||| || u aQA 303 Bau aBaumslag, Gilbert10aCalculus awith numerous examples and solved illustrated problems aNew YorkbQuantum Publishersc1976 avi, 427p. : ill. a0.00